000 00909nac a22002291u 4500
008 150901b xxu||||| |||| 00| 0 eng d
010 _a 2001278794
082 0 0 _a658.802
_bMAS
100 _aMason, Charlotte H.
_920266
245 1 4 _aThe marketing game! : CD /
_bStudent Software and Multimedia Tutorials/
_cCharlotte H. Mason, William D. Perreault, Jr.
250 _a3rd ed.
260 _aBoston :
_bMcGraw-Hill/Irwin,2002
_cc2002.
300 _ap.
500 _aSystem requirements for computer disc: Window 95/NT98/2000/ME; 3MB of free RAM; tutorials require a multimedia PC (with sound) and CD-drive; TMGftp requires an Internet connection.
500 _aAudiovisuals
511 _aCatalogued by: Sara
650 0 _aMarketing
_xDecision making.
_2BUEsh
650 0 _aManagement games.
_2BUEsh
_920268
651 _2BUEsh
700 1 _aPerreault, William D.
942 _cCDB
_k658.802MAS
_2ddc
999 _c5347
_d5347